书目信息 |
| 题名: |
房屋建筑技术资料管理标准化
|
|
| 作者: | 周苗兰 , 李明 , 罗宁 主编 | |
| 分册: | ||
| 出版信息: | 北京 中国建筑工业出版社 2022.06 |
|
| 页数: | 279页 | |
| 开本: | 26cm | |
| 丛书名: | 建筑工程项目管理标准化丛书 | |
| 单 册: | ||
| 中图分类: | G275.3-65 , G275.3 | |
| 科图分类: | ||
| 主题词: | 建筑工程--jian zhu gong cheng--技术档案--档案管理--标准化管理 | |
| 电子资源: | ||
| ISBN: | 978-7-112-26881-8 | |
| 000 | 01327nam 2200277 450 | |
| 001 | 26540 | |
| 005 | 20220920130906.53 | |
| 010 | @a978-7-112-26881-8@dCNY70.00 | |
| 100 | @a20220805d2022 em y0chiy50 ea | |
| 101 | 0 | @achi |
| 102 | @aCN@b110000 | |
| 105 | @ak z 000yy | |
| 200 | 1 | @a房屋建筑技术资料管理标准化@Afang wu jian zhu ji shu zi liao guan li biao zhun hua@f周苗兰, 李明, 罗宁主编 |
| 210 | @a北京@c中国建筑工业出版社@d2022.06 | |
| 215 | @a279页@d26cm | |
| 225 | 2 | @a建筑工程项目管理标准化丛书@Ajian zhu gong cheng xiang mu guan li biao zhun hua cong shu |
| 330 | @a本书从确保工程质量角度出发, 依据现行专业验收规范及相应标准编写, 共7章内容, 在对房屋建筑工程施工资料管理基本要求、施工过程质量验收资料管理、单位工程竣工质量验收资料管理、建筑工程质量验收的程序和组织、工程资料整理、组卷与归档进行详细阐述的同时, 配以大量的建筑工程表格填写范例及说明。内容实用, 指导性强, 是工程技术人员和管理人员有针对性地收集、编写、整理、完善工程资料的可靠依据。 | |
| 410 | 0 | @12001 @a建筑工程项目管理标准化丛书 |
| 606 | 0 | @a建筑工程@Ajian zhu gong cheng@x技术档案@x档案管理@x标准化管理 |
| 690 | @aG275.3-65@v5 | |
| 690 | @aG275.3@v4 | |
| 701 | 0 | @a周苗兰@Azhou miao lan@4主编 |
| 701 | 0 | @a李明@Ali ming@4主编 |
| 701 | 0 | @a罗宁@Aluo ning@4主编 |
| 801 | 0 | @aCN@c20220910 |
| 905 | @a河南城建学院图书馆@dG275.3@eZ780@f2 | |
| 房屋建筑技术资料管理标准化/周苗兰, 李明, 罗宁主编.-北京:中国建筑工业出版社,2022.06 |
| 279页;26cm.-(建筑工程项目管理标准化丛书) |
| ISBN 978-7-112-26881-8:CNY70.00 |
| 本书从确保工程质量角度出发, 依据现行专业验收规范及相应标准编写, 共7章内容, 在对房屋建筑工程施工资料管理基本要求、施工过程质量验收资料管理、单位工程竣工质量验收资料管理、建筑工程质量验收的程序和组织、工程资料整理、组卷与归档进行详细阐述的同时, 配以大量的建筑工程表格填写范例及说明。内容实用, 指导性强, 是工程技术人员和管理人员有针对性地收集、编写、整理、完善工程资料的可靠依据。 |
| ● |
| 相关链接 |
|
|
|
正题名:房屋建筑技术资料管理标准化
索取号:G275.3/Z780
 
预约/预借
| 序号 | 登录号 | 条形码 | 馆藏地/架位号 | 状态 | 备注 |
| 1 | 1577741 | 215777416 | 社科库409/409社科库 60排4列1层/ [索取号:G275.3/Z780] | 在馆 | |
| 2 | 1577742 | 215777425 | 社科库409/409社科库 60排4列1层/ [索取号:G275.3/Z780] | 在馆 |